000 00291nam a22001337a 4500
020 _a978-0-7515-3540-2
082 _a823
_bSPA/G
100 _aSPARKS,NICHOLAS
245 _aTHE GUARDIAN
260 _aAMERICA
_bWARNER BOOKS
300 _a447
650 _aENGLISH NOVEL
_zAMERICA
942 _cBK
999 _c3285
_d3285